000 00259nam a2200109Ia 4500
008 220216s9999 xx 000 0 und d
100 _aLe Doux J A
245 0 _aReminiscences of planting 1906-41
260 _bPlanter
_c1954
300 _a108-111
942 _cJS
999 _c66730
_d66730